Dizajn a materiál od Thoneta po súčasnosť /
Gespeichert in:
| 1. Verfasser: | |
|---|---|
| Format: | Buch |
| Sprache: | Slowakisch |
| Veröffentlicht: |
Bratislava
Flimmel Ivo
2016
|
| Ausgabe: | 1. vydanie |
| Schlagworte: | |
| Tags: |
Keine Tags, Fügen Sie das erste Tag hinzu!
|
MARC
| LEADER | 00000nam a22000003a 4500 | ||
|---|---|---|---|
| 001 | 0022221 | ||
| 003 | SK-STU | ||
| 005 | 20170220100208.4 | ||
| 007 | ta | ||
| 008 | 170220s ----xo-----e------000-0-----d | ||
| 020 | |a 978-80-972225-8-1 | ||
| 040 | |a STU |b slo | ||
| 041 | 0 | |a slo | |
| 044 | |a xo | ||
| 100 | 1 | |a Flimmel Ivo |4 aut |r Z5 | |
| 245 | 1 | 0 | |a Dizajn a materiál |b od Thoneta po súčasnosť / |c aut. Flimmel Ivo |
| 250 | |a 1. vydanie | ||
| 260 | |a Bratislava |b Flimmel Ivo |c 2016 | ||
| 300 | |a 143 s. |b 100 ks | ||
| 650 | 0 | 7 | |a stolička |
| 650 | 0 | 7 | |a kreslo |
| 650 | 0 | 7 | |a nábytkový a interiérový dizajn |
| 996 | |b 284AU06908 |c A* 10036/U |l AAKNST |s P |a 0 |w 0022221_0001 | ||